000 00984cam a22002894a 4500
001 12785439
005 20180309035913.0
008 020522s2002 enka b 001 0 eng
010 _a 2002072310
015 _aGBA2-76461
020 _a033391984X
020 _a9780333919842
035 _a(OCoLC)49959313
_z(OCoLC)51032668
035 _a(OCoLC)ocm49959313
040 _aDLC
_cDLC
_dYDX
_dPMC
_dPUL
_dUKM
_dBAKER
_dBTCTA
_dLVB
_dYDXCP
_dOCLCG
_dDLC
041 _aeng
042 _apcc
080 _a361.61 FIT
082 0 0 _a361.61 FIT
_221
100 _a50
101 _aSOC
245 0 0 _aEnvironment and welfare :
_cedited by Tony Fitzpatrick and Michael Cahill.
504 _aIncludes bibliographical references (p. 211-224) and index.
906 _a7
_bcbc
_corignew
_d1
_eocip
_f20
_gy-gencatlg
942 _2ddc
_cBK
999 _c44546
_d44546